Introduction to management science / (Record no. 1330)

MARC details
000 -LEADER
fixed length control field 00763pam a22001694a 4500
020 ## - INTERNATIONAL STANDARD BOOK NUMBER
ISBN 9780131961333
050 ## - CALL NUMBER
Classification number T56|
Item number T38
100 ## - AUTHOR
Personal name Taylor, Bernard W.
245 ## - TITLE
Title Introduction to management science /
Statement of responsibility, etc Bernard W. Taylor III.
250 ## - EDITION
Edition statement 9th ed.
260 ## - PUBLICATION INFORMATION
Place of publication Upper Saddle River, N.J. :
Name of publisher Pearson/Prentice Hall,|
Year of publication 2007.
300 ## - DESCRIPTION
Number of Pages xviii, 801 p. :
Other physical details ill. ;
Dimensions 27 cm +|e1 CD-ROM (4 3/4 in.).
500 ## - NOTES
General note Includes indexes.
505 ## - FORMATTED CONTENTS NOTE
Table of Content Management Science, Linear Programming: Model Formulation and Graphical Solution, Linear Programming: computer solution and sensitivity analysis, Linear Programming: modeling examples, integer Programming, Transportation, transshipment and Assignment
650 ## - SUBJECTS
Topical Term Management science.
942 ## - ADDED ENTRY ELEMENTS (KOHA)
Koha item type Books
Holdings
Withdrawn status Lost status Home library Current library Shelving location Date acquired Full call number Accession Number Koha item type
    Methodist University Library Tema Methodist University Library Tema General Stacks 06/12/2017 T56| T38 27709 Books
    Methodist University Library Tema Methodist University Library Tema General Stacks 06/12/2017 T56 | T38 20753 Books
Copyright © 2026  MUG Library